• 首页
  • 本馆介绍
  • 公告通知
  • 最新文献
  • 馆藏检索
  • 电子资源
  • 读者导购
  • 参考咨询
  • 我的图书馆
  • 登录
  • 详细信息显示
  • 放入我的书架
  • 预约/预借图书
  • 作者相关作品
  • 分类相关作品
  • 丛书相关作品
  • 出版社相关作品

书目信息

  • 表格格式
  • 工作单格式
  • 卡片格式
题名:
中学语文基础知识练习集
    
 
作者: ;北京市海淀区教师进修学校 编
分册:  
出版信息: 北京   北京出版社  1980
页数: 325页
开本: 19cm
丛书名:
单 册:
中图分类: H109 , G633.3
科图分类:
主题词: 语文--中学--习题 , 教育--各级
电子资源:
ISBN:
000 00804nam0 2200253 45
001 0180001314
005 20060814092747.25
010    @dCNY0.71
091    @a7071.661
100    @a19950616d1980 em y0chiy0121 ea
101 0  @achi
102    @aCN@b110000
105    @ay z 000yy
200 10 @a中学语文基础知识练习集@Azhong xue yu wen ji chu zhi shi lian xi ji@f北京市海淀区教师进修学校编@Fbei jing shi hai dian qu jiao shi jin xiu xue xiao bian
210    @a北京@c北京出版社@d1980
215    @a325页@d19cm
606    @a语文@x中学@x习题
606 0  @a教育@x各级
690    @aH109@v4
690    @aG633.3@v3
711 02 @a北京市海淀区教师进修学校@Abei jing shi hai dian qu jiao shi jin xiu xue xiao@4编
801  2 @aCN@bNLC@c20060814
801  0 @aCN@bTSSF@c20060808
905    @a10447@dG633.3@e417
    
    中学语文基础知识练习集/北京市海淀区教师进修学校编.-北京:北京出版社,1980
    325页;19cm
    
    
    ISBN :CNY0.71
    
●
相关链接 在E读中查询图书 在五车中查询图书 在当当中查询图书 在豆瓣中查询图书


正题名:中学语文基础知识练习集     索取号:G633.3/417         预约/预借

序号 登录号 条形码 馆藏地/架位号 状态 备注
1 0030256   001270984   密集书库/ [索取号:G633.3/417] 在馆    
2 0030257   000828331   密集书库/ [索取号:G633.3/417] 在馆    
3 0424620   204246208   密集书库/ [索取号:G633.3/417] 在馆    
4 0424623   204246235   密集书库/ [索取号:G633.3/417] 在馆    
5 0447406   204474069   密集书库/ [索取号:G633.3/417] 在馆    
6 0459674   204596749   密集书库/ [索取号:G633.3/417] 在馆    
7 0459675   204596758   密集书库/ [索取号:G633.3/417] 在馆    
8 0459676   204596767   密集书库/ [索取号:G633.3/417] 在馆    
唐山师范学院图书馆 欢迎您!
大连网信软件有限公司© 版权所有